| 000 | 00335nam a2200133Ia 4500 | ||
|---|---|---|---|
| 008 | 210210b1981 xxu||||| |||| 00| 0 eng d | ||
| 082 | _a306.2 RATP | ||
| 100 | _aRATHORE (L S). | ||
| 245 | _aPolitical sociology. | ||
| 260 |
_aMeerut _bMeenakshi prakashan _c1981 |
||
| 300 | _axii,243 | ||
| 690 | _aPolitical Sociology | ||
| 906 | _a040475 | ||
| 999 |
_c90312 _d90312 |
||